MARC

LEADER 00000nam0a2200000 4500
001 131236
005 20260128163219.0
010 |a 5866881195 
035 |a (RuTPU)RU\TPU\book\142133 
090 |a 131236 
100 |a 20080214d1991 m y0rusy5003 ca 
101 0 |a rus 
102 |a RU 
105 |a y z 000ay 
200 1 |a Крысолов  |e Рассказы  |f А. С. Грин 
210 |a Москва  |c РАЛИ  |d 1991 
215 |a 62,[2] с.  |d 20 см 
327 1 |a Содерж.: Крысолов; Позорный столб; Голос и глаз; Победитель; Четырнадцать футов; Гнев отца 
606 |a Русская литература современная  |9 50316 
610 1 |a советская литература 
610 1 |a рассказы 
675 |a Р2  |v 4 
700 1 |a Грин  |b А. С.  |c русский писатель  |c Гриневский - настоящая фамилия  |f 1880-1932  |g Александр Степанович  |3 (RuTPU)RU\TPU\pers\1336  |9 598 
801 0 |a RU  |b RuMRKP  |c 19950417  |g psbo 
801 1 |a RU  |b 63413507  |c 20080214  |g PSBO 
801 2 |a RU  |b 63413507  |c 20080214  |g PSBO 
942 |c BK